STATIC AND DYNAMIC ELECTRICITY (Record no. 583161)

000 -LEADER
fixed length control field 00268nam a22001217a 4500
082 ## - DEWEY DECIMAL CLASSIFICATION NUMBER
Classification number 537 SMY'S
100 ## - MAIN ENTRY--PERSONAL NAME
Personal name SMYTHE, W.R
9 (RLIN) 77999
245 ## - TITLE STATEMENT
Title STATIC AND DYNAMIC ELECTRICITY
250 ## - EDITION STATEMENT
Edition statement 3RD
260 ## - PUBLICATION, DISTRIBUTION, ETC.
Place of publication, distribution, etc. NEWYORK
Name of publisher, distributor, etc. MCGRAW HILL
Date of publication, distribution, etc. 1968
300 ## - PHYSICAL DESCRIPTION
Extent 623P
942 ## - ADDED ENTRY ELEMENTS (KOHA)
Koha item type Book
Holdings
Withdrawn status Lost status Damaged status Not for loan Permanent Location Current Location Shelving location Date acquired Total Checkouts Full call number Barcode Date last seen Price effective from Koha item type
        College of Electrical & Mechanical Engineering (CEME) College of Electrical & Mechanical Engineering (CEME) General Stacks 06/13/2017   537 SMY'S CEME-8580 06/28/2021 06/28/2021 Book
© 2023 Central Library, National University of Sciences and Technology. All Rights Reserved.